000 00862nam a22002057a 4500
999 _c8722
_d8722
003 AR-CdUCM
008 190325b ||||| |||| 00| 0 spa d
040 _aMUNICIPALIDAD PROVINCIAL DEL CUSCO
_cBIBLIOTECA MUNICIPAL DEL CUSCO
082 _a630.1 /
_bJ67
100 _aJohnson, E. A. J.
_924355
245 _aDescentralización de poblaciones e industrias :
_bEstudio práctico /
260 _aBuenos Aires :
_bLetras,
_c1972.
300 _a483 páginas ;
505 _aContenidos : Prefacio -- La naturaleza de los terrenos en la geografía Humana -- Organización territorial antigua en países que se consideran en la actualidad desarrollados -- Sistemas de mercados y distribución territorial ...
650 _aDescentralización
_93895
650 _aPoblaciones
_919900
650 _aEstudio práctico
_924356
942 _2ddc
_cLIBROS
945 _arah